banner koha

Macrobrachium amazonicum: an alternative for microbiological monitoring of aquatic environments in Brazil (Registro n. 241187)

MARC details
000 -LÍDER
campo de controle de tamanho fixo 01219nas a2200397 4500
001 - NÚMERO DE CONTROLE
campo de controle BR2014008050
003 - IDENTIFICADOR DO NÚMERO DE CONTROLE
campo de controle BR-BrBNA
005 - DATA E HORÁRIO DA ÚLTIMA TRANSAÇÃO
campo de controle 20231205124836.0
007 - CAMPO FIXO DE DESCRIÇÃO FÍSICA--INFORMAÇÃO GERAL
campo de controle de tamanho fixo ta
008 - CAMPO DE DADOS FIXOS--INFORMAÇÃO GERAL
campo de controle de tamanho fixo 230509b bl.|||p| |||| 00| 00por d
040 ## - FONTE DA CATALOGAÇÃO
Instituição da catalogação original BR-BrBNA
Idioma da catalogação por
Instituição que transcreveu o registro Biblioteca Nacional de Agricultura
041 ## - CÓDIGO DE IDIOMA
Código do idioma do texto/trilha sonora ou título diferente (En)
072 ## - CÓDIGO DE CATEGORIA DE ASSUNTO
Código de Categoria de Assunto T01
100 1# - ENTRADA PRINCIPAL--NOME PESSOAL
Nome pessoal Brilhante, R.S.N.
100 1# - ENTRADA PRINCIPAL--NOME PESSOAL
Nome pessoal Paiva, M. de A.N.
100 1# - ENTRADA PRINCIPAL--NOME PESSOAL
Nome pessoal Sampaio, C.M. de S.
100 1# - ENTRADA PRINCIPAL--NOME PESSOAL
Nome pessoal Teixeira, C.E.C.
100 1# - ENTRADA PRINCIPAL--NOME PESSOAL
Nome pessoal Ribeiro, J.F.
100 1# - ENTRADA PRINCIPAL--NOME PESSOAL
Nome pessoal Castelo-Branco, D. de S.C.M.
100 1# - ENTRADA PRINCIPAL--NOME PESSOAL
Nome pessoal Bandeira, T. de J.P.G.
100 1# - ENTRADA PRINCIPAL--NOME PESSOAL
Nome pessoal Monteiro, A.J.
100 1# - ENTRADA PRINCIPAL--NOME PESSOAL
Nome pessoal Cordeiro, R. de A.
100 1# - ENTRADA PRINCIPAL--NOME PESSOAL
Nome pessoal Sidrim, J.J.C.
100 1# - ENTRADA PRINCIPAL--NOME PESSOAL
Nome pessoal Monteiro, F.O.B.
100 1# - ENTRADA PRINCIPAL--NOME PESSOAL
Nome pessoal Moreira, J.L.B.
100 1# - ENTRADA PRINCIPAL--NOME PESSOAL
Nome pessoal Rocha, M.F.G.
245 1# - TÍTULO
Título Macrobrachium amazonicum: an alternative for microbiological monitoring of aquatic environments in Brazil
650 ## - ASSUNTO--TERMO TÓPICO
Cabeçalho tópico ou nome geográfico CAMARÃO CANELA
650 ## - ASSUNTO--TERMO TÓPICO
Cabeçalho tópico ou nome geográfico MACROBRACHIUM AMAZONICUM
650 ## - ASSUNTO--TERMO TÓPICO
Cabeçalho tópico ou nome geográfico FUNGO
650 ## - ASSUNTO--TERMO TÓPICO
Cabeçalho tópico ou nome geográfico POLUIÇÃO DA ÁGUA
650 ## - ASSUNTO--TERMO TÓPICO
Cabeçalho tópico ou nome geográfico POLUIÇÃO AMBIENTAL
773 0# - ENTRADA ANALÍTICA
Título Ciência Rural (Brazil)
ISSN - International Standard Serial Number ISSN 0103-8478
Partes relacionadas (Nov 2014), v. 44(11) p. 2029-2034
Número de controle do registro BR2014008050
909 ## -
-- 202311
-- Lúcia
-- 55
-- Lúcia Elande
942 ## - ELEMENTOS DE ENTRADA ADICIONADOS (KOHA)
Fonte da classificação ou esquema de arquivamento na estante Classificação AGRIS
Ocultar no OPAC Não
Tipo de material Koha Analítica
Exemplares
Situação do descarte Fonte da classificação ou esquema de arquivamento na estante Situação física Não pode ser emprestado Biblioteca de origem Biblioteca atual Localização na estante Enumeração do periódico / cronologia Total de empréstimos Data de último acesso Número do exemplar Tipo de material Koha Fonte de aquisição
  Classificação AGRIS   Consulta local Biblioteca Nacional de Agricultura - Binagri Biblioteca Nacional de Agricultura - Binagri   (Nov 2014), v. 44(11) p. 2029-2034   29/11/2023 01 Periódicos Portaria Interministerial nº 164/94

BINAGRI

Telefone: (61)3218-2567/2388/3357/2097 - binagri@agro.gov.br

Ministério da Agricultura e Pecuária , Esplanada dos Ministérios, Bloco D, Anexo B, Brasília/DF, CEP: 70.043-900